Pokémon used by Rivals RBG-ZA - Statistics

General Stats
  • This quiz has been taken 106 times
    23 since last reset
  • The average score is 302 of 516
Answer Stats
Game Rival Gen Type Answer % Correct
RBG Blue 1 Grass/Poison Bulbasaur
100%
RBG Blue 1 Psychic Abra
89%
SWSH Avery 1 Psychic Abra
89%
B2W2 Blue 1 Rock/Flying Aerodactyl
89%
XY Trevor 1 Rock/Flying Aerodactyl
89%
RBG Blue 1 Psychic Alakazam
89%
GSC Silver 1 Psychic Alakazam
89%
SWSH Avery 1 Psychic Alakazam
89%
RBG Blue 1 Fire Arcanine
89%
B2W2 N 1 Fire Arcanine
89%
LA Volo 8 Fire/Rock Arcanine
89%
RBG Blue 1 Water Blastoise
89%
USUM Gladion 1 Water Blastoise
89%
RBG Blue 1 Fire/Flying Charizard
89%
USUM Gladion 1 Fire/Flying Charizard
89%
RBG Blue 1 Fire Charmander
89%
RSE Wally 3 Psychic/Fairy Gardevoir
89%
SWSH Bede 3 Psychic/Fairy Gardevoir
89%
GSC Silver 1 Ghost/Poison Gengar
89%
RBG Blue 1 Fire Growlithe
89%
RBG Blue 1 Grass/Poison Ivysaur
89%
RBG Blue 1 Psychic Kadabra
89%
GSC Silver 1 Psychic Kadabra
89%
SWSH Avery 1 Psychic Kadabra
89%
SV Nemona 7 Dragon/Fighting Kommo-o
89%
Y Blue 1 Electric/Steel Magnemite
89%
GSC Silver 1 Electric/Steel Magnemite
89%
Y Blue 1 Electric/Steel Magneton
89%
GSC Silver 1 Electric/Steel Magneton
89%
RAE Wally 1 Electric/Steel Magneton
89%
RBG Blue 1 Normal/Flying Pidgeot
89%
LPLE Trace 1 Normal/Flying Pidgeot
89%
RBG Blue 1 Normal/Flying Pidgeotto
89%
LPLE Trace 1 Normal/Flying Pidgeotto
89%
RBG Blue 1 Normal/Flying Pidgey
89%
LPLE Trace 1 Normal/Flying Pidgey
89%
ORAS Brendan/May 1 Electric Raichu
89%
XY Trevor 1 Electric Raichu
89%
SM Hau 7 Electric/Psychic Raichu
89%
LPLE Trace 1 Electric Raichu
89%
DPP Barry 1 Normal Snorlax
89%
SWSH Hop 1 Normal Snorlax
89%
RBG Blue 1 Water Squirtle
89%
ORAS Brendan/May 3 Water/Ground Swampert
89%
RS Brendan/May 3 Normal/Flying Swellow
89%
RBG Blue 1 Grass/Poison Venusaur
89%
USUM Gladion 1 Grass/Poison Venusaur
89%
GSC Silver 2 Grass Bayleef
78%
ZA Urbain/Taunie 2 Grass Bayleef
78%
RBG Blue 1 Fire Charmeleon
78%
DPP Barry 4 Fire Chimchar
78%
GSC Silver 2 Poison/Flying Crobat
78%
SM Gladion 2 Poison/Flying Crobat
78%
GSC Silver 2 Water Croconaw
78%
ZA Urbain/Taunie 2 Water Croconaw
78%
GSC Silver 2 Fire Cyndaquil
78%
Y Blue 1 Normal Eevee
78%
SM Hau 1 Normal Eevee
78%
LPLE Trace 1 Normal Eevee
78%
DPP Barry 4 Water/Steel Empoleon
78%
LA Akari/Rei 4 Water/Steel Empoleon
78%
RBG Blue 1 Grass/Psychic Exeggcute
78%
RBG Blue 1 Grass/Psychic Exeggutor
78%
Y Blue 1 Normal/Flying Fearow
78%
GSC Silver 2 Water Feraligatr
78%
ZA Urbain/Taunie 2 Water Feraligatr
78%
Y Blue 1 Fire Flareon
78%
XY Calem/Serena 1 Fire Flareon
78%
SM Hau 1 Fire Flareon
78%
SV Penny 1 Fire Flareon
78%
ORAS Wally 4 Psychic/Fighting Gallade
78%
GSC Silver 1 Ghost/Poison Gastly
78%
GSC Silver 1 Poison/Flying Golbat
78%
SM Gladion 1 Poison/Flying Golbat
78%
RBG Blue 1 Water/Flying Gyarados
78%
GSC Silver 1 Ghost/Poison Haunter
78%
DPP Barry 4 Fire/Fighting Infernape
78%
LA Akari/Rei 4 Fire/Fighting Infernape
78%
SV Nemona 4 Fire/Fighting Infernape
78%
Y Blue 1 Electric Jolteon
78%
XY Calem/Serena 1 Electric Jolteon
78%
LPLE Trace 1 Electric Jolteon
78%
SV Penny 1 Electric Jolteon
78%
ORAS Wally 4 Electric/Steel Magnezone
78%
GSC Silver 2 Grass Meganium
78%
ZA Urbain/Taunie 2 Grass Meganium
78%
DPP Barry 4 Fire/Fighting Monferno
78%
LA Akari/Rei 4 Fire/Fighting Monferno
78%
RS Brendan/May 3 Water Mudkip
78%
XXY Trevor 1 Electric Pikachu
78%
SM Hau 1 Electric Pikachu
78%
LPLE Trace 1 Electric Pikachu
78%
LA Akari/Rei 1 Electric Pikachu
78%
DPP Barry 4 Water Piplup
78%
B2W2 Cheren 4 Normal Porygon-Z
78%
SM Gladion 4 Normal Porygon-Z
78%
SV Kieran 4 Normal Porygon-Z
78%
BW Cheren 5 Dark Purrloin
78%
BW N 5 Dark Purrloin
78%
GSC Silver 2 Fire Quilava
78%
RBG Blue 1 Normal Raticate
78%
RBG Blue 1 Normal Rattata
78%
RBG Blue 1 Ground/Rock Rhyhorn
78%
RSE Wally 3 Grass/Posion Roselia
78%
DPP Barry 3 Grass/Poison Roselia
78%
ORAS Wally 4 Grass/Poison Roserade
78%
DPP Barry 4 Grass/Poison Roserade
78%
XY Tierno 4 Grass/Poison Roserade
78%
LA Volo 4 Grass/Poison Roserade
78%
ORAS Brendan/May 3 Grass Sceptile
78%
GSC Silver 2 Dark/Ice Sneasel
78%
SM Gladion 2 Dark/Ice Sneasel
78%
DPP Barry 4 Normal/Flying Staraptor
78%
LA Akari/Rei 4 Normal/Flying Staraptor
78%
DPP Barry 4 Normal/Flying Staravia
78%
LA Akari/Rei 4 Normal/Flying Staravia
78%
DPP Barry 4 Normal/Flying Starly
78%
ORAS Wally 6 Fire/Flying Talonflame
78%
XY Tierno 6 Fire/Flying Talonflame
78%
BW Cheren 5 Fire Tepig
78%
BW Bianca 5 Fire Tepig
78%
B2W2 Hugh 5 Fire Tepig
78%
ZA Urbain/Taunie 5 Fire Tepig
78%
DPP Barry 4 Grass/Ground Torterra
78%
LA Akari/Rei 4 Grass/Ground Torterra
78%
GSC Silver 2 Water Totodile
78%
ZA Urbain/Taunie 2 Water Totodile
78%
DPP Barry 4 Grass Turtwig
78%
GSC Silver 2 Fire Typhlosion
78%
Y Blue 1 Water Vaporeon
78%
XY Calem/Serena 1 Water Vaporeon
78%
SM Hau 1 Water Vaporeon
78%
SV Penny 1 Water Vaporeon
78%
ZA Lida 1 Water Vaporeon
78%
Y Blue 1 Fire Vulpix
78%
SV Carmine 1 Fire Vulpix
78%
RBG Blue 1 Water Wartortle
78%
GSC Silver 1 Poison/Flying Zubat
78%
SM Gladion 1 Poison/Flying Zubat
78%
RSE Wally 3 Flying/Dragon Altaria
67%
XY Calem/Serena 3 Flying/Dragon Altaria
67%
ORAS Wally 2 Water/Fairy Azumarill
67%
ORAS Brendan/May 3 Fire/Fighting Blaziken
67%
ORAS Brendan/May 3 Grass/Fighting Breloom
67%
GSC Silver 2 Grass Chikorita
67%
ZA Urbain/Taunie 2 Grass Chikorita
67%
RS Brendan/May 3 Fire/Fighting Combusken
67%
RSE Wally 3 Normal Delcatty
67%
XY Shauna 3 Normal Delcatty
67%
BW Cheren 5 Water Dewott
67%
BW Bianca 5 Water Dewott
67%
B2W2 Hugh 5 Water Dewott
67%
BW Cheren 5 Fire/Fighting Emboar
67%
BW Bianca 5 Fire/Fighting Emboar
67%
B2W2 Hugh 5 Fire/Fighting Emboar
67%
ZA Urbain/Taunie 5 Fire/Fighting Emboar
67%
XY Calem/Serena 6 Water/Dark Greninja
67%
XY Shauna 6 Water/Dark Greninja
67%
SV Nemona 6 Water/Dark Greninja
67%
DPP Barry 4 Grass Grotle
67%
LA Akari/Rei 4 Grass Grotle
67%
RS Brendan/May 3 Grass Grovyle
67%
FRLG Blue 2 Bug/Fighting Heracross
67%
DPP Barry 2 Bug/Fighting Heracross
67%
SM Hau 7 Fire/Dark Incineroar
67%
SV Kieran 7 Fire/Dark Incineroar
67%
ZA Naveen 5 Ground/Dark Krookodile
67%
B2W2 Cheren 5 Normal Lillipup
67%
BW Bianca 5 Normal Lillipup
67%
E Brendan/May 3 Grass/Water Lombre
67%
E Brendan/May 3 Grass/Water Lotad
67%
SM Gladion 4 Fighting/Steel Lucario
67%
LA Volo 4 Fighting/Steel Lucario
67%
E Brendan/May 3 Grass/Water Ludicolo
67%
RS Brendan/May 3 Water/Ground Marshtomp
67%
XY Calem/Serena 6 Psychic Meowstic
67%
ZA Urbain/Taunie 6 Psychic Meowstic
67%
Y Blue 1 Fire Ninetales
67%
B2W2 N 1 Fire Ninetales
67%
SV Carmine 1 Fire Ninetales
67%
RS Brendan/May 3 Fire/Ground Numel
67%
BW Cheren 5 Water Oshawott
67%
BW Bianca 5 Water Oshawott
67%
B2W2 Hugh 5 Water Oshawott
67%
E Brendan/May 3 Water/Flying Pelipper
67%
BW Cheren 5 Fire/Fighting Pignite
67%
BW Bianca 5 Fire/Fighting Pignite
67%
B2W2 Hugh 5 Fire/Fighting Pignite
67%
ZA Urbain/Taunie 5 Fire/Fighting Pignite
67%
SV Kieran 1 Water/Fighting Poliwrath
67%
DPP Barry 4 Water Prinplup
67%
LA Akari/Rei 4 Water Prinplup
67%
RSE Wally 3 Psychic/Fairy Ralts
67%
DPP Barry 1 Fire Rapidash
67%
B2W2 N 1 Fire Rapidash
67%
LPLE Trace 1 Fire Rapidash
67%
SWSH Bede 8 Psychic/Fairy Rapidash
67%
SWSH Avery 8 Psychic Rapidash
67%
BW N 5 Dragon/Fire Reshiram
67%
RBG Blue 1 Ground/Rock Rhydon
67%
HGSS Blue 4 Ground/Rock Rhyperior
67%
B2W2 N 4 Ground/Rock Rhyperior
67%
BW Cheren 5 Water Samurott
67%
BW Bianca 5 Water Samurott
67%
B2W2 Hugh 5 Water Samurott
67%
Y Blue 1 Ground Sandslash
67%
BW Cheren 5 Grass Serperior
67%
BW Bianca 5 Grass Serperior
67%
B2W2 Hugh 5 Grass Serperior
67%
RS Brendan/May 3 Grass Shroomish
67%
BW Cheren 5 Grass Snivy
67%
BW Bianca 5 Grass Snivy
67%
B2W2 Hugh 5 Grass Snivy
67%
Y Blue 1 Normal/Flying Spearow
67%
B2W2 N 1 Water/Psychic Starmie
67%
ZA Lida 1 Water/Psychic Starmie
67%
B2W2 Cheren 5 Normal Stoutland
67%
BW Bianca 5 Normal Stoutland
67%
XY Shauna 6 Fairy Sylveon
67%
SWSH Bede 6 Fairy Sylveon
67%
SV Penny 6 Fairy Sylveon
67%
LA Volo 4 Fairy/Flying Togekiss
67%
RS Brendan/May 3 Fire Torchic
67%
RS Brendan/May 3 Grass Treecko
67%
BW Cheren 5 Normal/Flying Unfezant
67%
B2W2 Hugh 5 Normal/Flying Unfezant
67%
LPLE Trace 1 Grass/Poison Vileplume
67%
SM Gladion 4 Dark/Ice Weavile
67%
BW N 5 Dragon/Electric Zekrom
67%
BW N 5 Rock/Flying Archeops
56%
SM Hau 7 Water Brionne
56%
DPP Barry 4 Water Buizel
56%
ORAS Brendan/May 3 Ground/Psychic Claydol
56%
XY Calem/Serena 1 Fairy Clefable
56%
LA Akari/Rei 1 Fairy Clefairy
56%
Y Blue 1 Water/Ice Cloyster
56%
B2W2 N 1 Water/Ice Cloyster
56%
SV Arven 1 Water/Ice Cloyster
56%
LPLE Trace 1 Ground Cubone
56%
SM Hau 7 Grass/Ghost Decidueye
56%
SV Nemona 7 Grass/Ghost Decidueye
56%
XY Calem/Serena 6 Fire/Psychic Delphox
56%
XY Shauna 6 Fire/Psychic Delphox
56%
SV Kieran 9 Grass/Dragon Dipplin
56%
SV Kieran 1 Dragon/Flying Dragonite
56%
XY Calem/Serena 6 Psychic Espurr
56%
DPP Barry 4 Water Floatzel
56%
B2W2 Hugh 3 Ground/Dragon Flygon
56%
ORAS Wally 4 Dragon/Ground Garchomp
56%
LA Volo 4 Dragon/Ground Garchomp
56%
SWSH Marnie 8 Dark/Fairy Grimmsnarl
56%
SV Kieran 8 Dark/Fairy Grimmsnarl
56%
BW Bianca 5 Normal Herdier
56%
SV Kieran 9 Grass/Dragon Hydrapple
56%
BW N 5 Electric/Bug Joltik
56%
B2W2 N 1 Rock/Water Kabutops
56%
B2W2 N 4 Grass Leafeon
56%
SM Hau 4 Grass Leafeon
56%
SV Penny 4 Grass Leafeon
56%
BW Cheren 5 Dark Liepard
56%
SWSH Marnie 5 Dark Liepard
56%
SM Hau 7 Fire Litten
56%
SV Nemona 7 Rock Lycanroc
56%
SV Arven 9 Dark Mabosstiff
56%
ORAS Brendan/May 2 Fire/Rock Magcargo
56%
LPLE Trace 1 Ground Marowak
56%
SV Carmine 3 Dark Mightyena
56%
LA Akari/Rei 1 Psychic/Fairy Mr.Mime
56%
DPP Barry 4 Normal Munchlax
56%
BW Cheren 5 Water Panpour
56%
BW Bianca 5 Water Panpour
56%
BW Cheren 5 Grass Pansage
56%
BW Bianca 5 Grass Pansage
56%
BW Cheren 5 Fire Pansear
56%
BW Bianca 5 Fire Pansear
56%
B2W2 Cheren 5 Normal Patrat
56%
SM Hau 2 Electric Pichu
56%
BW Cheren 5 Normal/Flying Pidove
56%
BW N 5 Normal/Flying Pidove
56%
B2W2 Hugh 5 Normal/Flying Pidove
56%
B2W2 N 2 Water Politoed
56%
SV Kieran 2 Water Politoed
56%
SV Kieran 1 Water Poliwag
56%
SV Kieran 1 Water Poliwhirl
56%
DPP Barry 1 Fire Ponyta
56%
SWSH Bede 8 Psychic Ponyta
56%
SWSH Avery 8 Psychic Ponyta
56%
SV Carmine 3 Dark Poochyena
56%
SM Hau 7 Water Popplio
56%
SM Hau 7 Water/Fairy Primarina
56%
Y Blue 1 Ground Sandshrew
56%
SWSH Marnie 5 Fighting/Dark Scrafty
56%
SV Carmine 5 Dark/Fighting Scrafty
56%
ZA Naveen 5 Fighting/Dark Scrafty
56%
BW N 5 Fighting/Dark Scraggy
56%
SWSH Marnie 5 Fighting/Dark Scraggy
56%
ZA Naveen 5 Fighting/Dark Scraggy
56%
BW Cheren 5 Grass Servine
56%
BW Bianca 5 Grass Servine
56%
B2W2 Hugh 5 Grass Servine
56%
Y Blue 1 Water Shellder
56%
SV Arven 1 Water Shellder
56%
SM Gladion 7 Normal Silvally
56%
BW Cheren 5 Water Simipour
56%
BW Bianca 5 Water Simipour
56%
B2W2 Hugh 5 Water Simipour
56%
BW Cheren 5 Grass Simisage
56%
BW Bianca 5 Grass Simisage
56%
B2W2 Hugh 5 Grass Simisage
56%
BW Cheren 5 Fire Simisear
56%
BW Bianca 5 Fire Simisear
56%
B2W2 Hugh 5 Fire Simisear
56%
LA Volo 4 Ghost/Dark Spiritomb
56%
LPLE Blue 1 Normal Tauros
56%
SM Hau 1 Normal Tauros
56%
B2W2 N 1 Water/Poison Tentacruel
56%
LA Volo 2 Fairy Togepi
56%
SM Hau 7 Fire Torracat
56%
BW Cheren 5 Normal/Flying Tranquill
56%
B2W2 Hugh 5 Normal/Flying Tranquill
56%
SWSH Hop 6 Ghost/Grass Trevenant
56%
E Brendan/May 3 Grass/Flying Tropius
56%
SM Gladion 7 Normal Type:Null
56%
FRLG Blue 2 Rock/Dark Tyranitar
56%
RS Brendan/May 3 Water Wailmer
56%
ORAS Brendan/May 3 Water Wailord
56%
B2W2 Cheren 5 Normal Watchog
56%
E Brendan/May 3 Water/Flying Wingull
56%
SWSH Hop 8 Fighting/Steel Zacian
56%
SWSH Hop 8 Fairy/Steel Zamazenta
56%
BW N 5 Dark Zoroark
56%
USUM Gladion 5 Dark Zoroark
56%
USUM Gladion 5 Dark Zorua
56%
XY Calem/Serena 3 Dark Absol
44%
B2W2 Bianca 5 Normal Audino
44%
XY Trevor 6 Rock/Ice Aurorus
44%
ZA Urbain/Taunie 6 Ice Avalugg
44%
SWSH Hop 8 Electric Boltund
44%
XY Calem/Serena 6 Fire Braixen
44%
BW N 5 Rock/Water Carracosta
44%
BW Bianca 5 Ghost/Fire Chandelure
44%
XY Calem/Serena 6 Grass/Fighting Chesnaught
44%
XY Shauna 6 Grass/Fighting Chesnaught
44%
XY Shauna 6 Grass Chespin
44%
SWSH Hop 8 Fire Cinderace
44%
XY Tierno 3 Water Corphish
44%
SWSH Hop 8 Flying/Steel Corviknight
44%
SWSH Hop 8 Flying Corvisquire
44%
SM Hau 7 Fighting/Ice Crabominable
44%
SWSH Hop 8 Water/Flying Cramorant
44%
SV Kieran 8 Water/Flying Cramorant
44%
XY Tierno 3 Water/Dark Crawdaunt
44%
SV Nemona 9 Fire Crocalor
44%
SM Hau 7 Grass/Flying Dartrix
44%
SWSH Hop 8 Water Drizzile
44%
SWSH Hop 8 Normal Dubwool
44%
ZA Lida 5 Electric/Flying Emolga
44%
XY Shauna 6 Fire Fennekin
44%
XY Trevor 6 Fairy Flabebe
44%
XY Calem/Serena 6 Normal/Flying Fletchling
44%
ZA Urbain/Taunie 6 Fairy Floette
44%
SV Nemona 9 Grass Floragato
44%
XY Trevor 6 Fairy Florges
44%
XY Shauna 6 Water Froakie
44%
XY Calem/Serena 6 Water Frogadier
44%
SV Nemona 9 Fire Fuecoco
44%
SV Kieran 2 Normal Furret
44%
SV Arven 9 Rock Garganacl
44%
LA Volo 4 Dragon/Ground Gible
44%
BW Cheren 5 Rock Gigalith
44%
LA Volo 4 Ghost/Dragon Giratina
44%
B2W2 N 4 Ice Glaceon
44%
SV Kieran 2 Ground/Flying Gligar
44%
LPLE Trace 1 Grass/Poison Gloom
44%
XY Shauna 6 Dragon Goodra
44%
SV Nemona 6 Dragon Goodra
44%
ZA Urbain/Taunie 6 Dragon Goodra
44%
SV Nemona 6 Dragon Goomy
44%
SWSH Hop 8 Grass Grookey
44%
SWSH Bede 8 Psychic/Fairy Hatterene
44%
XY Tierno 6 Flying/Fighting Hawlucha
44%
BW Cheren 5 Dragon Haxorus
44%
SWSH Hop 5 Fire Heatmor
44%
SWSH Hop 8 Water Inteleon
44%
SM Hau 7 Normal Komala
44%
B2W2 N 2 Water/Electric Lanturn
44%
HGSS Blue 1 Fighting Machamp
44%
ZA Urbain/Taunie 3 Electric Manectric
44%
SWSH Bede 3 Steel/Fairy Mawile
44%
SV Nemona 9 Grass/Dark Meowscarada
44%
B2W2 Bianca 5 Fighting Mienfoo
44%
SV Nemona 3 Water Milotic
44%
LA Akari/Rei 1 Psychic/Fairy Mime jr
44%
SWSH Marnie 8 Electric/Dark Morpeko
44%
SV Carmine 8 Electric/Dark Morpeko
44%
BW Bianca 5 Psychic Munna
44%
SM Hau 6 Dragon/Flying Noibat
44%
SM Hau 6 Dragon/Flying Noivern
44%
LPLE Trace 1 Grass/Poison Oddish
44%
B2W2 N 1 Rock/Water Omastar
44%
SV Nemona 9 Electric Pawmi
44%
SV Nemona 9 Electric/Fighting Pawmo
44%
SV Nemona 9 Electric/Fighting Pawmot
44%
SV Nemona 9 Water/Fighting Quaquaval
44%
SV Nemona 9 Water Quaxly
44%
SV Nemona 9 Water Quaxwell
44%
XY Calem/Serena 6 Grass Quilladin
44%
SWSH Hop 8 Fire Raboot
44%
SWSH Hop 8 Grass Rillaboom
44%
SV Nemona 7 Rock Rockruff
44%
SWSH Hop 8 Flying Rookidee
44%
SM Hau 7 Grass/Flying Rowlet
44%
ZA Naveen 3 Dark/Ghost Sableye
44%
B2W2 N 2 Bug/Steel Scizor
44%
SWSH Klara 5 Bug/Poison Scolipede
44%
SWSH Hop 8 Fire Scorbunny
44%
SV Arven 9 Grass/Fire Scovillain
44%
BW N 5 Psychic/Flying Sigilyph
44%
SV Nemona 9 Fire/Ghost Skeledirge
44%
SV Nemona 6 Dragon Sliggoo
44%
LPLE Trace 1 Water/Psychic Slowbro
44%
SWSH Klara 8 Poison/Psychic Slowbro
44%
SWSH Avery 8 Psychic/Poison Slowbro
44%
SWSH Klara 8 Psychic Slowpoke
44%
SWSH Avery 8 Psychic Slowpoke
44%
E Brendan/May 2 Fire Slugma
44%
SWSH Hop 8 Water Sobble
44%
SWSH Bede 5 Psychic Solosis
44%
SV Nemona 9 Grass Sprigatito
44%
ZA Lida 1 Water Staryu
44%
SWSH Avery 5 Psychic/Flying Swoobat
44%
SV Kieran 9 Normal Terapagos
44%
SWSH Hop 8 Grass Thwackey
44%
E May 3 Fire Torkoal
44%
SWSH Hop 8 Poison/Electric Toxel
44%
ZA Naveen 8 Poison/Electric Toxtricity
44%
XY Trevor 6 Rock/Dragon Tyrantrum
44%
SV Penny 2 Dark Umbreon
44%
SWSH Klara 5 Bug/Poison Venipede
44%
SWSH Klara 5 Bug/Poison Whirlipede
44%
SWSH Avery 5 Psychic/Flying Woobat
44%
SWSH Hop 8 Normal Wooloo
44%
SV Kieran 2 Bug/Flying Yanma
44%
SV Kieran 4 Bug/Flying Yanmega
44%
ZA Naveen 6 Steel/Ghost Aegislash
33%
ZA Naveen 2 Poison/Bug Ariados
33%
BW N 5 Rock Boldore
33%
B2W2 Cheren 5 Normal Bouffalant
33%
B2W2 Hugh 5 Normal Bouffalant
33%
B2W2 Cheren 5 Normal Cinccino
33%
ZA Lida 6 Water Clauncher
33%
ZA Lida 6 Water Clawitzer
33%
SWSH Marnie 4 Fighting/Poison Croagunk
33%
SWSH Klara 4 Poison/Dark Drapion
33%
B2W2 Hugh 5 Electric Eelektross
33%
ORAS Brendan/May 3 Normal Exploud
33%
BW N 5 Grass/Steel Ferroseed
33%
B2W2 N 4 Ice/Ghost Froslass
33%
B2W2 N 4 Water/Ground Gastrodon
33%
SV Kieran 4 Ground/Flying Gliscor
33%
SWSH Bede 5 Psychic Gothita
33%
SV Arben 8 Normal Greedent
33%
SWSH Bede 8 Psychic Hatenna
33%
SWSH Bede 8 Psychic Hattrem
33%
B2W2 N 4 Ground Hippowdon
33%
BW N 5 Steel Klink
33%
SWSH Klara 1 Poison Koffing
33%
SV Carmine 5 Bug/Grass Leavanny
33%
B2W2 Cheren 4 Normal Lopunny
33%
B2W2 N 4 Ground/Ice Mamoswine
33%
BW Bianca 5 Fighting Mienshao
33%
BW Bianca 5 Psychic Musharna
33%
SV Arven 9 Rock Nacli
33%
SWSH Hop 8 Electric Pincurchin
33%
SV Carmine 9 Grass/Ghost Poltchageist
33%
SV Nemona 7 Fairy/Bug Ribombee
33%
BW N 5 Ground/Dark Sandile
33%
B2W2 N 3 Grass/Dark Shiftry
33%
SV Kieran 3 Grass/Dark Shiftry
33%
SV Carmine 9 Grass/Ghost Sinistcha
33%
SWSH Klara 4 Poison/Bug Skorupi
33%
SWSH Klara 8 Poison/Psychic Slowking
33%
SWSH Avery 8 Psychic/Poison Slowking
33%
ZA Naveen 2 Poison/Bug Spinarak
33%
ZA Lida 9 Water/Dragon Tatsugiri
33%
SV Carmine 7 Normal/Flying Toucannon
33%
SWSH Marnie 4 Fighting/Poison Toxicroak
33%
ZA Lida 5 Ice Vanillish
33%
ZA Lida 5 Ice Vanillite
33%
BW N 5 Ice Vanilluxe
33%
ZA Lida 5 Ice Vanilluxe
33%
SWSH Klara 8 Poison/Fairy Weezing
33%
B2W2 N 4 Grass/Ice Abomasnow
22%
B2W2 N 3 Rock/Bug Armaldo
22%
B2W2 Cheren 3 Normal Castform
22%
B2W2 N 3 Rock/Grass Cradily
22%
BW N 5 Fire Darumaka
22%
SV Nemona 9 Normal Dudunsparce
22%
SWSH Bede 5 Psychic Duosion
22%
SV Nemona 4 Ghost Dusknoir
22%
B2W2 Bianca 5 Dragon Fraxure
22%
SWSH Bede 5 Psychic Gothorita
22%
BW N 5 Steel Klinklang
22%
B2W2 Cheren 4 Normal Lickilicky
22%
B2W2 N 3 Bug/Flying Ninjask
22%
SV Nemona 9 Steel Orthworm
22%
SV Kieran 4 Rock/Steel Probopass
22%
SV Kieran 2 Normal Sentret
22%
SWSH Hop 8 Ground Silicobra
22%
SV Arven 8 Normal Skwovet
22%
SV Carmine 5 Bug/Grass Swadloon
22%
BW N 5 Fighting Timburr
22%
SV Arven 9 Ground/Grass Toedscool
22%
SV Arven 9 Ground/Grass Toedscruel
22%
BW N 5 Water Tympole
22%
B2W2 Cheren 3 Normal Zangoose
22%
No matching quizzes found
Score Distribution
Percent of People with Each Score
Percentile by Number Answered
Your Score History
You have not taken this quiz since the last reset